| 000 | 00819nam a2200229 a 4500 | ||
|---|---|---|---|
| 001 | 000005248 | ||
| 003 | OSt | ||
| 005 | 20200929151624.0 | ||
| 008 | 090818s1988 sp 000 0 spa d | ||
| 020 | _a8400068718 | ||
| 040 |
_aDO-SdBNP _bspa _cBNPHU |
||
| 082 |
_axxxx _bC965p |
||
| 245 | 0 | 0 |
_aCuestionarios para la formación de las relaciones geográficas de Indias siglos XVI/XIX. / _ceditor Francisco de Solano. |
| 260 |
_aMadrid, España : _bCSIC, _c1988. |
||
| 300 |
_acvii, 234 p. ; _c24 cm. |
||
| 490 | 1 |
_aTierra nueva e cielo nuevo _v25 |
|
| 504 | _aIncluye referencias bibliográficas y notas al pie de las páginas | ||
| 700 | 1 |
_aSolano, francisco de, _eed. _914977 |
|
| 710 | 1 |
_aConsejo Superior de Investigaciones Científicas _94786 |
|
| 830 | 0 |
_aTierra nueva e cielo nuevo _n25 _914978 |
|
| 942 |
_2ddc _cLF1 |
||
| 999 |
_c5049 _d5049 |
||